| 000 | 00481nam a2200169 a 4500 | ||
|---|---|---|---|
| 001 | 000023546 | ||
| 005 | 20200930022310.0 | ||
| 008 | 101213s1999 sp 000 0 spa d | ||
| 020 | _a8420790583 | ||
| 040 |
_aDO-SdBNP _bspa _cBNPHU |
||
| 082 |
_ann* _bnn* |
||
| 100 | 1 |
_aSeara Valero, Manuel. _948538 |
|
| 245 | 1 | 3 |
_aEl origen del hombre : _bla mano nos hizo humanos / _cManuel Seara Valero. |
| 260 |
_aMadrid : _bGrupo Anaya, _c1999. |
||
| 300 |
_a93 p. ; _c21 cm. |
||
| 049 | _aBNGR | ||
| 999 |
_c23042 _d23042 |
||